MARC details
| 000 -CABECERA |
| campo de control de longitud fija |
00825nam a2200217 a 4500 |
| 001 - NÚMERO DE CONTROL |
| campo de control |
000023066 |
| 005 - FECHA Y HORA DE LA ÚLTIMA TRANSACCIÓN |
| campo de control |
20200930021951.0 |
| 008 - DATOS DE LONGITUD FIJA--INFORMACIÓN GENERAL |
| campo de control de longitud fija |
101125s2004 gw ac r 001 0 spa d |
| 020 ## - NÚMERO INTERNACIONAL ESTÁNDAR DEL LIBRO |
| Número Internacional Estándar del Libro |
3527307311 |
| 040 ## - FUENTE DE LA CATALOGACIÓN |
| Centro catalogador/agencia de origen |
DO-SdBNP |
| Lengua de catalogación |
spa |
| Centro/agencia transcriptor |
BNPHU |
| 082 ## - NÚMERO DE LA CLASIFICACIÓN DECIMAL DEWEY |
| Número de clasificación |
641.3373 |
| Número de documento/Ítem |
C674g |
| 245 00 - MENCIÓN DE TÍTULO |
| Título |
Coffee: Growing, Processing, Sustainable Production : |
| Resto del título |
a guidebook for Growers, Processors, Trader and Researchers / |
| Mención de responsabilidad, etc. |
Editado Jean Nicolas Wintgens. |
| 260 ## - PUBLICACIÓN, DISTRIBUCIÓN, ETC. |
| Lugar de publicación, distribución, etc. |
Germany : |
| Nombre del editor, distribuidor, etc. |
WILEY-VCH Verlag GmbH & Co. KGaA., |
| Fecha de publicación, distribución, etc. |
2004. |
| 300 ## - DESCRIPCIÓN FÍSICA |
| Extensión |
xxxii, 975 p. : |
| Otras características físicas |
il., retrs. ; |
| Dimensiones |
25 cm. |
| 500 ## - NOTA GENERAL |
| Nota general |
Incluye índice |
| 504 ## - NOTA DE BIBLIOGRAFÍA, ETC. |
| Nota de bibliografía, etc. |
Incluye referencias bibliográficas y notas al pie de las páginas. |
| 650 #4 - PUNTO DE ACCESO ADICIONAL DE MATERIA--TÉRMINO DE MATERIA |
| Término de materia o nombre geográfico como elemento de entrada |
Café-comercio |
| 9 (RLIN) |
47483 |
| 650 #4 - PUNTO DE ACCESO ADICIONAL DE MATERIA--TÉRMINO DE MATERIA |
| Término de materia o nombre geográfico como elemento de entrada |
Café-cultivo |
| 9 (RLIN) |
47484 |
| 650 #4 - PUNTO DE ACCESO ADICIONAL DE MATERIA--TÉRMINO DE MATERIA |
| Término de materia o nombre geográfico como elemento de entrada |
Café-mercadeo |
| 9 (RLIN) |
47485 |
| 700 1# - PUNTO DE ACCESO ADICIONAL--NOMBRE DE PERSONA |
| Nombre de persona |
Wintgens, Jean Nicolas, |
| Término indicativo de función/relación |
ed. |
| 9 (RLIN) |
47486 |